000 00619nam a22002177a 4500
003 UA-OsUOA
001 69035
007 ta
008 20100601b un ||||| |||| 00| 0 ukr d
090 _a94(477)
_bВ42
942 _cBK
040 _aUA-OsUOA
_bukr
_cUA-OsUOA
_dUA-OsUOA
245 _aВизначні місця України
_cІ. О. Ігнаткін, О. К. Касименко
300 _a724 с.
955 _a2
041 _aukr
080 _a94(477)
260 _aК.
_bДержполітвидав
_c1958
650 7 _a9 Географія. Біографії. Історія
_2UDC
999 _c355289
_d355289